Entry Personal Name
Number of records used in: 1
001 - CONTROL NUMBER
003 - CONTROL NUMBER IDENTIFIER
005 - DATE AND TIME OF LATEST TRANSACTION
- control field:
20190330130913.0
008 - FIXED-LENGTH DATA ELEMENTS
- fixed length control field:
190330|| aca||aabn | a|a d
040 ## - CATALOGING SOURCE
- Original cataloging agency:
OSt
- Transcribing agency:
OSt
100 ## - HEADING--PERSONAL NAME
- Personal name:
Pathak, Dr R C
670 ## - SOURCE DATA FOUND
- Source citation:
Work cat.: (OSt): Pathak, Dr R C, Dictionary (English to Hindi), 2019